Statistics for European Cities by Clue #2

Click here to take the quiz!

General Stats

  • This quiz has been taken 2,095 times
    (1,914 since last reset)
  • The average score is 13 of 20

Answer Stats

ClueCity% Correct
Colosseum, Tiber River, Piazza della RepubblicaRome
97%
Fernsehturm, Brandenburg Gate, River SpreeBerlin
90%
Schönbrunn Palace, Beethoven, StephansplatzVienna
90%
Grand Prix, Casino, Hôtel de ParisMonaco
88%
Scousers, The Beatles, Albert DockLiverpool
88%
Millennium Underground, Buda Castle, River DanubeBudapest
81%
Blue Mosque, Valens Aqueduct, BosphorusIstanbul
75%
Sound of Music, Mozart birthplace, Hohensalzburg CastleSalzburg
74%
Barajas, Cuatros Torres, Buen Retiro ParkMadrid
71%
Uffizi, Pitti Palace, Piazza del DuomoFlorence
71%
St Peter's, Holy See, Apostolic PalaceVatican City
65%
Mustard, Burgundy, FlorissimoDijon
63%
Sergels torg, Stortorget, Gamla StanStockholm
57%
Mount Vesuvius, AD 79, Garden of FugitivesPompeii
54%
Mt Esja, Laugavegur, KeflavikReykjavík
53%
Andalusia, Giralda, Torre del OroSeville
52%
Old Town, Princes Street, the FringeEdinburgh
48%
The Rock, Westside, The StraitGibraltar
44%
Jorvik, Snickelways, The MinsterYork
23%
Puig Campana, Gran Hotel Bali, BeniyorkBenidorm
9%

Score Distribution

Percentile by Number Answered

Percent of People with Each Score

Your Score History

You have not taken this quiz since the last reset